000 00272nam a22001097a 4500
008 170116b xxu||||| |||| 00| 0 eng d
020 _a9780323016322
041 _aeng
080 _23RD
_a618.2
245 _aLEADING AND MANAGING IN NURSING
_cYODER-WISE, P.S
942 _2udc
_cBK
999 _c2911
_d2911